000 01387nam a2200361Ia 4500
001 ebr10437343
003 CaPaEBR
006 m u
007 cr cn|||||||||
008 101026s2010 mdu sb 001 0 eng d
010 _z 2010044599
020 _z9780742560321 (cloth : alk. paper)
020 _z9780742560338 (pbk. : alk. paper)
020 _z9781442209305 (electronic)
040 _aCaPaEBR
_cCaPaEBR
035 _a(OCoLC)698591291
050 1 4 _aBD221
_b.K73 2010eb
082 0 4 _a149
_222
100 1 _aKrausz, Michael.
245 1 0 _aDialogues on relativism, absolutism, and beyond
_h[electronic resource] :
_bfour days in India /
_cMichael Krausz.
260 _aLanham, MD :
_bRowman & Littlefield Publishers,
_c2010.
300 _avii, 131 p.
490 1 _aNew dialogues in philosophy
504 _aIncludes bibliographical references and index.
533 _aElectronic reproduction.
_bPalo Alto, Calif. :
_cebrary,
_d2011.
_nAvailable via World Wide Web.
_nAccess may be limited to ebrary affiliated libraries.
650 0 _aRelativity.
650 0 _aAbsolute, The.
650 0 _aPhilosophy, Indic.
655 7 _aElectronic books.
_2local
710 2 _aebrary, Inc.
830 0 _aNew dialogues in philosophy.
856 4 0 _uhttp://site.ebrary.com/lib/rucke/Doc?id=10437343
_zAn electronic book accessible through the World Wide Web; click to view
999 _c132724
_d132724